| 000 | 00541nam a2200133 a 4500 | ||
|---|---|---|---|
| 001 | 000032319 | ||
| 005 | 20200930065559.0 | ||
| 008 | 110714s1929 dr 000 0 spa d | ||
| 040 |
_aDO-SdBNP _bspa _cBNPHU |
||
| 245 | 0 | 0 | _aMemoria correspondiente al año 1927, que al ciudadano presidente de la república presenta al presidente de la República presenta al señor M. Martín de Moya, secretario de Estado de Hacienda y Comercio. |
| 260 |
_aSanto Domingo : _bImp. de J. R. Vda. García, _c1929. |
||
| 300 |
_a204 p. ; _c30 cm. |
||
| 049 | _aBNPD | ||
| 999 |
_c31810 _d31810 |
||